| 000 | 01346nam a22002057a 4500 | ||
|---|---|---|---|
| 001 | 10021 | ||
| 003 | FISKH | ||
| 005 | 20260401113035.0 | ||
| 008 | 260330b cb ||||| |||| 00| 0 eng d | ||
| 020 | _a9787517605737 | ||
| 040 |
_aFISKH _bchi _cFISKH _dFISKH |
||
| 082 | _a843 | ||
| 100 | _a安托万·德·圣-埃克苏佩里 | ||
| 245 |
_a《拖车》/ _c安托万·德·圣-埃克苏佩里 |
||
| 300 |
_a10 unnumbered pages : _bcolor illustrations ; _c15 cm . |
||
| 520 | _a故事讲述了一位飞行员在撒哈拉沙漠坠机后,遇见了一位来自外星球的小王子。小王子向他讲述了自己离开家乡、游历各个星球的经历。在这些星球上,他遇到了国王、爱虚荣的人、商人等形形色色的“大人”,这些人物反映了成人世界的荒谬与空虚。 来到地球后,小王子遇见了一只狐狸。狐狸告诉他:“重要的东西用眼睛是看不见的,必须用心去看。”这句话让小王子明白了爱与责任的真正意义,也让他更加思念自己星球上的玫瑰。 这本书通过简单的故事,表达了对纯真、友情和爱的珍视,同时提醒人们不要失去童心,要用心去感受生活中真正重要的东西。 | ||
| 700 |
_a安托万·德·圣-埃克苏佩里 _eIllustrator |
||
| 942 |
_2ddc _cBOOK _n0 |
||
| 999 |
_c10021 _d10021 |
||